|
|
|
|
| LEADER |
01614nam a2200421Ia 4500 |
| 001 |
EBC1144732 |
| 003 |
MiAaPQ |
| 005 |
20200520144314.0 |
| 006 |
m o d | |
| 007 |
cr cn||||||||| |
| 008 |
010122s1991 nju sb 001 0 eng d |
| 020 |
|
|
|z 9780691070636
|
| 020 |
|
|
|z 9781400847488
|
| 035 |
|
|
|a (MiAaPQ)EBC1144732
|
| 035 |
|
|
|a (Au-PeEL)EBL1144732
|
| 035 |
|
|
|a (CaPaEBR)ebr10674435
|
| 035 |
|
|
|a (CaONFJC)MIL459670
|
| 035 |
|
|
|a (OCoLC)845252078
|
| 040 |
|
|
|a MiAaPQ
|c MiAaPQ
|d MiAaPQ
|
| 050 |
|
4 |
|a HG184.N5
|b S27 1991
|
| 082 |
0 |
4 |
|a 332/.042
|2 23
|
| 100 |
1 |
|
|a Sassen, Saskia.
|
| 245 |
1 |
4 |
|a The global city
|h [electronic resource] :
|b New York, London, Tokyo /
|c Saskia Sassen.
|
| 260 |
|
|
|a Princeton, NJ :
|b Princeton University Press,
|c 1991.
|
| 300 |
|
|
|a xvi, 397 p.
|
| 504 |
|
|
|a Includes bibliographical references and index.
|
| 533 |
|
|
|a Electronic reproduction. Ann Arbor, MI : ProQuest, 2015. Available via World Wide Web. Access may be limited to ProQuest affiliated libraries.
|
| 650 |
|
0 |
|a Financial services industry
|z New York (State)
|z New York.
|
| 650 |
|
0 |
|a Financial services industry
|z Japan
|z Tokyo.
|
| 650 |
|
0 |
|a Financial services industry
|z England
|z London.
|
| 650 |
|
0 |
|a International finance.
|
| 650 |
|
0 |
|a International economic relations.
|
| 651 |
|
0 |
|a New York (N.Y.)
|x Economic conditions.
|
| 651 |
|
0 |
|a Tokyo (Japan)
|x Economic conditions.
|
| 651 |
|
0 |
|a London (England)
|x Economic conditions.
|
| 655 |
|
4 |
|a Electronic books.
|
| 710 |
2 |
|
|a ProQuest (Firm)
|
| 856 |
4 |
0 |
|u https://ebookcentral.proquest.com/lib/matrademy/detail.action?docID=1144732
|z Click to View
|